[Event "RSA-chT U10"]
[Site "Cape Town"]
[Date "2016.01.05"]
[Round "4.6"]
[White "Van Straaten, Matthys"]
[Black "Conradie, Daniel"]
[Result "0-1"]
[WhiteElo "819"]
[BlackElo "1011"]
[PlyCount "88"]
[EventDate "2016.01.04"]
[EventType "team-tourn"]
[EventRounds "7"]
[EventCountry "RSA"]
[SourceTitle "CBM 170 Extra"]
[Source "ChessBase"]
[SourceDate "2016.02.25"]
[SourceVersion "1"]
[SourceVersionDate "2016.02.25"]
[SourceQuality "1"]
[WhiteTeam "Kenneth Kaunda"]
[BlackTeam "Western Province"]
[WhiteTeamCountry "RSA"]
[BlackTeamCountry "RSA"]

1. e4 e5 2. Nf3 Nc6 3. Bc4 Bc5 4. d3 Nf6 5. Nc3 d6 6. Bg5 h6 7. Bxf6 Qxf6 8. Nd5 Qd8 9. c3 a6 10. d4 Ba7 11. h3 Be6 12. 0-0 0-0 13. Bd3 Na5 14. Bc2 Bxd5 15. exd5 Re8 16. Qd3 e4 17. Qe3 exf3 18. Qxf3 Nc4 19. Rab1 Nd2 20. Qf5 Kf8 21. Qh7 Nxb1 22. Bxb1 Qd7 23. Bf5 Qd8 24. Qh8+ Ke7 25. Qxg7 Rg8 26. Qxh6 Qf8 27. Qh4+ f6 28. Qe4+ Kd8 29. Qe6 Qe8 30. Qxf6+ Qe7 31. Qh6 Qg5 32. Qxg5+ Rxg5 33. Bb1 Rxd5 34. Kh2 Rb5 35. b4 c5 36. h4 Ke7 37. Re1+ Kf7 38. h5 Rh8 39. g4 cxb4 40. Bg6+ Kf6 41. c4 Rg5 42. Bc2 Rxg4 43. Kh3 Rgg8 44. d5 Rxh5# 0-1

[Event "RSA-ch U08"]
[Site "Waterkloof"]
[Date "2015.04.07"]
[Round "5"]
[White "Van Straaten, Matthys"]
[Black "Du Toit, Petrus"]
[Result "0-1"]
[WhiteElo "694"]
[BlackElo "837"]
[PlyCount "54"]
[EventDate "2015.04.04"]
[EventType "swiss"]
[EventRounds "9"]
[EventCountry "RSA"]
[SourceTitle "CBM 166 Extra"]
[Source "ChessBase"]
[SourceDate "2015.06.18"]
[SourceVersion "1"]
[SourceVersionDate "2015.06.18"]
[SourceQuality "1"]

1. e4 e5 2. Nf3 Nc6 3. Bc4 Bc5 4. d3 Nf6 5. Nc3 d6 6. Bg5 h6 7. Bxf6 Qxf6 8. Nd5 Qd8 9. c3 a6 10. d4 exd4 11. cxd4 Ba7 12. h3 0-0 13. 0-0 Ne7 14. Nf4 b5 15. Bd3 Bb7 16. Rc1 c5 17. d5 c4 18. Bb1 Ng6 19. Nxg6 fxg6 20. Qc2 Qf6 21. Ne1 Rae8 22. Rd1 Bc8 23. b3 cxb3 24. Qxb3 Bxf2+ 25. Kh1 Qh4 26. e5 Bxh3 27. Qc2 Bf5# 0-1